| 000 | 00587nam a2200229Ia 4500 | ||
|---|---|---|---|
| 003 | OSt | ||
| 005 | 20220924144941.0 | ||
| 006 | a|||||r|||| 00| 0 | ||
| 007 | ta | ||
| 008 | 220923b |||||||| |||| 00| 0 urd d | ||
| 024 | _a324043 | ||
| 037 | _cTextual | ||
| 040 |
_aARTS _cARTS _burd |
||
| 041 |
_2urd _aurd |
||
| 082 | _aY73(Q2).2, 168H0 | ||
| 100 |
_aKaur Nand Au. _9218739 |
||
| 245 | 0 | _aDojon aarya-e-hinduwon ki pol | |
| 260 | _c1940 | ||
| 650 |
_aHINDUISM _98459 |
||
| 942 |
_hY73(Q2).2, 168H0 _cTEXL _2CC |
||
| 999 |
_c458705 _d458705 |
||